Logo BPK

Biblioteka

Politechniki Koszalińskiej

Roboty wykończeniowe. (Rekord nr 49844)

Szczegóły MARC
000 -ETYKIETA REKORDU
podpole kontrolne o stałej długości 01651nam a2200385 i 4500
001 - NUMER KONTROLNY REKORDU
pole kontrolne bg
020 ## - MIĘDZYNARODOWY ZNORMALIZOWANY NUMER KSIĄŻKI - ISBN
ISBN 8373706607 (całość)
020 ## - MIĘDZYNARODOWY ZNORMALIZOWANY NUMER KSIĄŻKI - ISBN
ISBN 9878324926459 (zesz. 11)
040 ## - ŹRÓDŁO KATALOGOWANIA
Instytucja, która utworzyła rekord BPK
041 0# - KOD JĘZYKA
Kod języka tekstu pol
044 ## - KOD KRAJU WYDAWCY/PRODUCENTA
Kod kraju wydawcy/producenta POL
080 ## - UNIWERSALNA KLASYFIKACJA DZIESIĘTNA - UKD
UKD 692.8:681.5:62-83](438)(083.1)
920 ## - Międzynarodowy znormalizowany numer książki – ISBN
ISBN 83-7370-660-7 (całość)
920 ## - Międzynarodowy znormalizowany numer książki – ISBN
ISBN 978-83-249-2645-9 (zesz. 11)
008 - POLE O STAŁEJ DŁUGOŚCI - DANE KONTROLNE
podpole kontrolne o stałej długości 100529s2010 pl |000 0 pol
100 1# - NAZWA OSOBOWA
Nazwa osobowa Jurga, Andrzej.
245 10 - TYTUŁ/ODPOWIEDZIALNOŚĆ
Tytuł Roboty wykończeniowe.
Oznaczenie części/sekcji dzieła Z. 11,
Tytuł części/sekcji dzieła Szlabany z napędem elektromechanicznym i urządzeniami sterującymi /
Pozostałe elementy strefy tytułu i oznaczenia odpowiedzialności Instytut Techniki Budowlanej ; [aut.: Andrzej Jurga, Krzysztof Wienskowski ; oprac. red. Michał Gajownik].
246 10 - WARIANT TYTUŁU
Tytuł Szlabany z napędem elektromechanicznym i urządzeniami sterującymi
260 ## - STREFA ADRESU WYDAWNICZEGO
Miejsce wydania Warszawa :
Nazwa wydawcy/dystrybutora Instytut Techniki Budowlanej,
Data publikacji, dystrybucji/powstania dokumentu 2010.
300 ## - STREFA OPISU FIZYCZNEGO
Objętość 29 s. :
Inne cechy fizyczne il. ;
Rozmiary 24 cm.
490 1# - STREFA SERII I DOKUMENTU WIELOCZĘŚCIOWEGO - FORMA NIE DO WYSZUKIWANIA
Tytuł i oznaczenie odpowiedzialności serii Instrukcje, Wytyczne, Poradniki / Instytut Techniki Budowlanej ;
-- Warunki Techniczne Wykonania i Odbioru Robót Budowlanych ;
Numeracja w obrębie serii 454/2010
-- cz. B
490 1# - STREFA SERII I DOKUMENTU WIELOCZĘŚCIOWEGO - FORMA NIE DO WYSZUKIWANIA
Tytuł i oznaczenie odpowiedzialności serii Warunki Techniczne Wykonania i Odbioru Robót Budowlanych ;
Numeracja w obrębie serii cz. B
504 ## - UWAGA DOTYCZĄCA BIBLIOGRAFII
Informacje o bibliografii Bibliogr. s. 17.
650 #9 - HASŁO PRZEDMIOTOWE W FORMIE NAZWY OGÓLNEJ LUB JEDNOSTKOWEJ
Nazwa ogólna lub geograficzna Brama
Określnik ogólny montaż
650 #9 - HASŁO PRZEDMIOTOWE W FORMIE NAZWY OGÓLNEJ LUB JEDNOSTKOWEJ
Nazwa ogólna lub geograficzna Maszyny
Określnik ogólny normalizacja
Określnik geograficzny Polska
650 #9 - HASŁO PRZEDMIOTOWE W FORMIE NAZWY OGÓLNEJ LUB JEDNOSTKOWEJ
Nazwa ogólna lub geograficzna Napęd elektryczny
655 ## - TERMIN INDEKSOWY - OKREŚLENIE RODZAJU/FORMY DOKUMENTU
Określenie rodzaju/formy dokumentu Instrukcje
700 1# - HASŁO DODATKOWE - NAZWA OSOBOWA
Nazwa osobowa Wienskowski, Krzysztof.
700 1# - HASŁO DODATKOWE - NAZWA OSOBOWA
Nazwa osobowa Gajownik, Michał.
Określenie związku między hasłem a opisywanym materiałem Red.
710 2# - HASŁO DODATKOWE - NAZWA CIAŁA ZBIOROWEGO
Nazwa ciała zbiorowego lub jednostki geograficznej Instytut Techniki Budowlanej
830 #0 - HASŁO DODATKOWE SERII LUB DOKUMENTU WIELOCZĘŚCIOWEGO - TYTUŁ UJEDNOLICONY
Tytuł ujednolicony Instrukcje, Wytyczne, Poradniki - Instytut Techniki Budowlanej
Oznaczenie tomu 454/2010
830 ## - HASŁO DODATKOWE SERII LUB DOKUMENTU WIELOCZĘŚCIOWEGO - TYTUŁ UJEDNOLICONY
Tytuł ujednolicony Warunki Techniczne Wykonania i Odbioru Robót Budowlanych ;
856 ## - LOKALIZACJA I DOSTĘP DO ELEKTRONICZNYCH DOKUMENTÓW ZDALNYCH
Link (URL) http://koha.tu.koszalin.pl/cgi-bin/koha/opac-detail.pl?biblionumber=49844
Tekst linku Katalog online BPK
942 ## - DODATKOWE ELEMENTY (KOHA)
Typ dokumentu Książka
Egzemplarze
Wycofany Status egzemplarza Uszkodzony Dostępność Lokalizacja stała Lokalizacja bieżąca Miejsce przechowywania Sygnatura Kod kreskowy Dział Typ dokumentu
      Tylko na miejscu Czytelnia Wydziału Elektroniki i Informatyki, Wydziału Architektury i Wzornictwa, Wydziału Inżynierii Mechanicznej i Energetyki oraz Wydziału Inżynierii Lądowej, Środowiska i Geodezji Czytelnia Wydziału Elektroniki i Informatyki, Wydziału Architektury i Wzornictwa, Wydziału Inżynierii Mechanicznej i Energetyki oraz Wydziału Inżynierii Lądowej, Środowiska i Geodezji Czytelnia Wydziałowa ul. Śniadeckich 2 S 2068 02200774 692/694 Części budynku. Roboty murarskie. Roboty ciesielskie Książka
© 2023 Biblioteka Politechniki Koszalińskiej :: KOHA